=LDR 00000nam 2200000 4500 =001 INLIS000000000014876 =005 20130612110146 =008 ***********************************Ind** =035 ##$$0010-061300000014876 =041 ##$$a Ind =082 ##$$a 633.88 =090 ##$$a 633.88, Rah a =100 ##$$a Rahardja, P. C =245 ##$$a Aneka cara memperbanyak tanaman, P. C Rahardja; Wahyu Wiryanta =260 ##$$a 2004 $b Jakarta =300 ##$$a viii, 104 hlm, Ilus, 24 cm =650 ##$$a Budidaya Tanaman =700 ##$$a Wiryanta, Wahyu =850 ##$$a NBPNMAT